ロード中...

Fundamenstals of accounting for CPT

書誌詳細
第一著者: Rao, Mohana
フォーマット: Printed Book
出版事項: PHI learning Private Ltd 2012
主題:
LEADER 00513nam a2200193 4500
020 |c 450 
082 |a 657 RAO 
100 |a Rao, Mohana 
245 |a Fundamenstals of accounting for CPT  |c Rao, Mohana 
250
260 |a PHI learning Private Ltd  |c 2012 
300 |a 585 p 
490
500
590 |a Dreamtech  |b D 
650 |a Accounting 
942 |c BK 
999 |c 145772  |d 145772 
952 |0 0  |1 0  |4 0  |6 657_000000000000000_RAO  |7 0  |9 159232  |a IMK  |b IMK  |g 450.00  |l 0  |o 657 RAO  |p IMK12134  |r 2019-10-25  |w 2019-10-25  |y BK